| Tag |
First Indicator |
Second Indicator |
Subfields |
| LEADER |
00000cam a2200000 a 4500 |
| 001 |
in00000034066 |
| 005 |
20231117163653.8 |
| 008 |
871002s1988 nyua bc 001 0 eng |
| 010 |
|
|
|a 87072421
|
| 020 |
|
|
|a 0810909480
|
| 020 |
|
|
|a 093161824X (pbk.)
|
| 035 |
|
|
|a (OCoLC)16873164
|
| 035 |
|
|
|9 AAB7504AM
|
| 040 |
|
|
|a DLC
|c DLC
|d TXA
|d UtOrBLW
|
| 043 |
|
|
|a n-usp--
|a n-us-wy
|
| 049 |
|
|
|a TXAM [Also in] [Sp Coll]
|c 1 [A11073966]
|a TXAS
|c 2 [A11566676]
|
| 050 |
0 |
0 |
|a N8214.5.U6
|b F44 1988
|
| 082 |
0 |
|
|a 704.9/49978
|2 19
|
| 100 |
1 |
|
|a Fees, Paul.
|
| 245 |
1 |
0 |
|a Frontier America :
|b art and treasures of the Old West from the Buffalo Bill Historical Center /
|c text and captions by Paul Fees and Sarah Boehme.
|
| 264 |
|
1 |
|a New York :
|b The Buffalo Bill Historical Center in association with H.N. Abrams,
|c 1988.
|
| 300 |
|
|
|a 128 pages :
|b illustrations (some color) ;
|c 29 cm.
|
| 336 |
|
|
|a text
|b txt
|2 rdacontent
|
| 337 |
|
|
|a unmediated
|b n
|2 rdamedia
|
| 338 |
|
|
|a volume
|b nc
|2 rdacarrier
|
| 504 |
|
|
|a Includes bibliographical references (pages 124-125) and index.
|
| 520 |
|
|
|a Contains reproductions of artworks, objects, and photographs.
|
| 500 |
|
|
|a Includes works by Maynard Dixon, Harvey Dunn, William Koerner, William Leigh, Alfred J. Miller and Frederic Remington.
|
| 505 |
0 |
|
|a Preface / Mrs. Henry H. R. Coe -- Introduction / Peter H. Hassrick -- Frontier America: the artist's environment / Sarah E. Boehme -- The West and American unity / Paul Fees -- Bibliography -- Index.
|
| 651 |
|
0 |
|a West (U.S.)
|v In art
|v Catalogs.
|
| 651 |
|
0 |
|a West (U.S.)
|x Collectibles
|v Catalogs.
|
| 650 |
|
0 |
|a Art
|z Wyoming
|z Cody
|v Catalogs.
|
| 610 |
2 |
0 |
|a Buffalo Bill Historical Center
|v Catalogs.
|
| 650 |
|
0 |
|a Indians of North America
|x Clothing
|v Catalogs.
|
| 700 |
1 |
|
|a Boehme, Sarah.
|
| 710 |
2 |
|
|a Buffalo Bill Historical Center.
|
| 700 |
1 |
|
|a Dixon, Maynard,
|d 1875-1946.
|
| 700 |
1 |
|
|a Dunn, Harvey,
|d 1884-1952.
|
| 700 |
1 |
|
|a Koerner, W. H. D.
|q (William Henry Dethlef),
|d 1878-1938.
|
| 700 |
1 |
|
|a Miller, Alfred Jacob,
|d 1810-1874.
|
| 700 |
1 |
|
|a Remington, Frederic,
|d 1861-1909.
|
| 700 |
1 |
|
|a Leigh, William Robinson,
|d 1866-1955.
|
| 999 |
|
|
|a MARS
|
| 999 |
f |
f |
|s 0c8a41e5-e45c-32e5-aea5-2fd4b89e8e0a
|i 6789bf08-6321-3142-95db-6d35d157c7a9
|t 0
|
| 952 |
f |
f |
|p noncirc
|a Texas A&M University
|b College Station
|c Cushing Memorial Library & Archives
|d Cushing: Dykes (Does not check out)
|t 0
|e N8214.5.U6 F44 1988
|h Library of Congress classification
|i unmediated -- volume
|m A1485312598D
|
| 952 |
f |
f |
|p normal
|a Texas A&M University
|b College Station
|c Sterling C. Evans Library
|d Evans: Library Stacks
|t 0
|e N8214.5.U6 F44 1988
|h Library of Congress classification
|i unmediated -- volume
|m A14811073966
|
| 952 |
f |
f |
|p storage
|a Texas A&M University
|b J.J. Pickle Campus
|c High Density Repository
|d Remote Storage
|t 0
|e N8214.5.U6 F44 1988
|h Library of Congress classification
|i unmediated -- volume
|m A14831688189
|
| 998 |
f |
f |
|a N8214.5.U6 F44 1988
|t 0
|l Remote Storage
|
| 998 |
f |
f |
|a N8214.5.U6 F44 1988
|t 0
|l Cushing: Dykes (Does not check out)
|
| 998 |
f |
f |
|a N8214.5.U6 F44 1988
|t 0
|l Evans: Library Stacks
|